| 000 | 00984nac a22002411u 4500 | ||
|---|---|---|---|
| 010 | _a 98036795 | ||
| 020 | _a0192142178 (alk. paper) | ||
| 082 | 0 | 0 |
_a306.36 _bOXF |
| 090 |
_c9497 _d9497 |
||
| 100 | _a20080729 | ||
| 245 | 0 | 4 |
_aThe Oxford book of work / _cEdited by Keith Thomas. |
| 260 |
_aOxford ; _aNew York : _bOxford University Press,1999. _cc1999. |
||
| 300 |
_axxiii, 618 p. ; _c25 cm. |
||
| 500 | _aDistributer: Al-Ahram | ||
| 504 | _aIncludes bibliographical references and index. | ||
| 511 | _aCatalogued by: Sara | ||
| 650 | 0 | _aWork. | |
| 700 | 1 |
_aThomas, Keith, _d1933- |
|
| 856 | 4 | 2 |
_3Publisher description _uhttp://www.loc.gov/catdir/enhancements/fy0636/98036795-d.html |
| 856 | 4 | 2 |
_3Table of contents only _uhttp://www.loc.gov/catdir/enhancements/fy0636/98036795-t.html |
| 856 | 4 | 2 |
_3Contributor biographical information _uhttp://www.loc.gov/catdir/enhancements/fy0723/98036795-b.html |
| 942 |
_cBB _k306.36OXF |
||
| 999 |
_c9497 _d9497 |
||